Music Quiz

Random Music or Bands Quiz

10 to 1: Classic Rock Songs VIII Quiz Stats

 Plays Quiz Updated Jul 22, 2017

Support Sporcle.
Go Orange.
Score 0/55 Timer 06:00
3 Plays Today
% Correct
Bridge over Troubled Water
92%
Mrs. Robinson
89.1%
The Sound of Silence
88.8%
Californication
82.1%
Cecilia
77.9%
California Dreamin'
77.4%
The Boxer
74.2%
Carry on Wayward Son
74.2%
Under the Bridge
72.5%
I Am a Rock
71.5%
Dani California
70.8%
Homeward Bound
69.9%
Dust in the Wind
69.5%
Aqualung
68.3%
Don't Bring Me Down
67.2%
Back on the Chain Gang
66.6%
Ramblin' Man
65.3%
Brass in Pocket
64.9%
Evil Woman
62.7%
Scar Tissue
62.2%
The Number of the Beast
61.7%
Mr. Blue Sky
61.7%
Monday, Monday
59.6%
Run to the Hills
54.6%
The Only Living Boy in New York
53.9%
Melissa
53.6%
Jessica
53.4%
El Cóndor Pasa (If I Could)
53.2%
% Correct
Whipping Post
53.1%
Telephone Line
51.9%
Midnight Rider
51.8%
Livin' Thing
50%
Sweet Talkin' Woman
48.2%
Locomotive Breath
47.8%
Don't Get Me Wrong
47.7%
Ain't Wastin' Time No More
47.4%
Turn to Stone
46.6%
Can't Get It Out of My Head
46%
Statesboro Blues
44.7%
Middle of the Road
43.9%
April Come She Will
43.1%
By the Way
42.7%
2 Minutes to Midnight
42.4%
Love Will Tear Us Apart
42.4%
2000 Miles
39.3%
Blue Sky
38.9%
Soul to Squeeze
38.8%
The Trooper
38%
Talk of the Town
37.4%
Cross-Eyed Mary
36.5%
Do Ya
35.4%
My City Was Gone
33.8%
Living in the Past
33.1%
Skating Away on the Thin Ice of the New Day
29.2%
Song for America
21.5%

You're not logged in!

Compare scores with friends on all Sporcle quizzes.
OR
Log In
Forgot?

From the Vault

Almost an NFL Team

by sproutcm

The San Diego Charmers actually might be much more successful than the real team.
Remove Ads.
Support Sporcle.
Get the best of Sporcle when you Go Orange. This ad-free experience offers more features, more stats, and more fun while also helping to support Sporcle. Thank you for becoming a member.

Show Comments

Extras

Top Quizzes Today


Score Distribution

Your Account Isn't Verified!

In order to create a playlist on Sporcle, you need to verify the email address you used during registration. Go to your Sporcle Settings to finish the process.

Report this User

Report this user for behavior that violates our Community Guidelines.

Details: